000 00519nam a2200157 a 4500
001 000044069
005 20201002045128.0
008 140515s2002 sp af 000 0 spa d
020 _a848945566X
040 _aDO-SdBNP
_bspa
_cBNPHU
100 1 _aRegoyos, Darío de
_d1857-1913
_972061
245 1 0 _aDarío de Regoyos 1857-1913 :
_b6 de noviembre de 2002- 6 de enero de 2003 /.
260 _aMadrid :
_bFundación MAPFRE Vida,
_c2002.
300 _a265 p. :
_bil., retratos ;
_c26 cm.
504 _aBibliografía : p. 262-265
999 _c43558
_d43558